How many french roller coaster can you quote? - Statistiques

Statistiques générales
  • Ce quiz a été pris 96 fois
  • Le résultat moyen est 50 sur 248
Statistiques - réponses
Manufacturer Réponse % Correct
Intamin Toutatis
97%
B&M Oziris
92%
Vekoma Goudurix
83%
Gravitykraft Tonnerre 2 Zeus
76%
Gerstlauer Pegase express
74%
B&M Monster
69%
Vekoma Hyperspace Mountain
65%
Mack Rides Alpina Blitz
60%
Vekoma Big thunder Mountain
60%
Gerstlauer Mystic
60%
Intamin Indiana Jones
58%
Intamin Mahuka
58%
Gravitykraft Timber
58%
Zierer Vol d'Icare
56%
Mack Rides Krampus
51%
Zierer SOS Tournevis
50%
Vekoma Flight Force
49%
ART engienering Noisette Express
49%
Intamin Yukon Quad
49%
Mack Rides Trace du Hourra
47%
Gerstlauer Vertika
47%
Vekoma Boomerang
44%
S&S Timber Drop
44%
Intamin RC Racer
43%
William Cobb Anaconda
42%
Maurer Crush's Coaster
40%
Zierer Coccinelle
39%
Intamin Objectif Mars
39%
Kiliç Lunapark | SBF | Soquet Train de la mine
39%
Soquet Train de la Mine
39%
Vekoma Comet
38%
Vekoma Triops
38%
GCI Wild Buffalo
38%
Mack Rides Twist
36%
DPV | DPV Rides | Fajume | +3 others Chenille
35%
Pinfari | Unknown La Pomme
35%
Intamin Namazu
35%
Vekoma Orochi
35%
DAL Amusement Rides | Pinfari | River Rides | Unknown Pomme
35%
Vekoma Casey Jr
33%
Mack Rides Fjord Explorer
33%
Vekoma Generator
32%
Mack Rides Spatiale Experience
32%
Soquet Gaz Express
31%
Zierer Ronde des Rondins
31%
Soquet Speed Chenille
31%
Zierer En avant Seccotine
29%
Soquet | Togo Grand Canyon
29%
Gravitykraft Wood express
29%
Güven Family Roller Coaster
28%
MND group Mine
28%
Reverchon Tigre de Siberie
28%
Zamperla Woodstock Express
28%
Mack Rides Descente du Schlitt
26%
Reverchon Gold Mine
26%
Soquet Azteka
25%
SBF | Unknown Family Coaster
25%
Wiegand Luge
25%
Güven Amusement Ride | Pinfari | Zierer Roller Coaster
25%
Pinfari | Zierer Roller coaster
25%
Zierer Spirou Racing
25%
Mack Rides Wild Mouse
25%
Kiliç Lunapark Le Dragon
24%
Vekoma Euroloop
22%
Zierer Serpent
22%
Pax Wild Train
22%
Soquet 1066
21%
Unknown Avengers Roller Coaster
21%
Vekoma Silver Mountain
21%
Gerstlauer Speed Rockets
21%
Mack rides Tiger Express
21%
Vekoma Aerotrain
19%
Schwarzkopf Bobsleigh
19%
Soquet Drakkar
19%
Zamperla Mine de Thor
19%
Preston & Barbieri Nitro
19%
Wiegand Alpine Coaster
18%
Soquet Fort d'Odin
18%
Mack Rides Gold Mine Train
18%
Gerstlauer | Pinfari | Zierer Gold Rush
18%
Schwarzkopf Jet star
18%
L&T Systems | Unknown Speedy Gonzales
18%
SBF Bandidos
17%
EOS Rodes Maranello Twist
17%
Ride Engineers Switzerland Nid des Marsupilamis
17%
Zamperla Souris Verte
17%
Zierer Wanted Dalton
17%
Vekoma Deval train
15%
Soquet Furio
15%
Unknown Le Grand Huit
15%
Soquet Le King
15%
Brandauer Luge d'ete
15%
Pinfari Apollo Steamrocket
14%
Sunkid Butterfly
14%
Beijing Jiuhua | Reverchon Crazy Mouse
14%
Reverchon Crazy Mouse
14%
Mack Rides Famous Jack
14%
Kiliç Lunapark Fils du dragon
14%
Zamperla Jeepo Dino
14%
Reverchon Pierre de Tonnerre
14%
Zierer Pioneer
14%
Vekoma Apocalypse
13%
Gosetto Spinning Abeille
13%
Soquet Machine a vapeur
11%
Kiliç Lunapark Requin
11%
I.E. Park Rhaegal
11%
Zierer Serpent Hopi
11%
Reverchon Souris Mecaniques
11%
Wiegand Luge 4 Saisons
10%
Built in House Draisine
10%
Zamperla Jurassic Twister
10%
Unknown Le Cobra
10%
Bandauer | Wiegand Luge 4 Saisons
10%
Top Fun Magic Mountain
10%
Zamperla Mini Mouse Cartoon
10%
Maurer Speedy Nuts
10%
Zamperla Tornado
10%
Sunkid Balancier
8%
Unknown Big Apple
8%
Kiliç Lunapark | Unknown Brucomela
8%
SBF Buche Dansante
8%
Mack Rides Eurospeed
8%
Schwarzkopf Jumbo jet
8%
Technical park Sombrero
8%
Unknown Souris Aventure
8%
Wiegand Tricky Track
8%
Gosetto Voltigo
8%
Unknown Apple
7%
Reverchon Boulet de Canon
7%
Soquet Cacahuete Express
7%
Diamond Rides Cars
7%
Soquet Corsaire
7%
Soquet Drakkar Express
7%
SBF Far west express
7%
Sbf Grand Prix de Feeryland
7%
Zierer Izio Express
7%
Wiegand Luge Alpine
7%
Wiegand Luge sur rail
7%
Wiegand Luge sur Rail
7%
Wiegand Luge sur Rails
7%
Wiegand Luge Sur Rails
7%
Preston & Barbieri Pirate's Coaster
7%
Preston & Barbieri Requin Express
7%
Wiegand Schlitte Mountain
7%
Soquet Spirale express
7%
Wiegand Super Coaster
7%
Soquet Tacot en folie
7%
Unknown Balade du Dragon
6%
Unknown Banzai
6%
Zierer Bayou Express
6%
Brandauer Clecy Gliss
6%
Erbschloe Fun Construct Deval luge
6%
Pinfari Gotham
6%
SBF Grosse Pomme
6%
Brandauer Luge Monty Express
6%
Unknown Magic pomme
6%
Unknown Magic Pomme
6%
Sunkid Pile ou Face
6%
Mack Rides Tokaido Express
6%
Gosetto Tourbillon
6%
Homemade Train fou
6%
Unknown Train gourmand
6%
EOS Rides Turtle's Coastera
6%
Vekoma Wild West Coaster
6%
SBF Aircraft
4%
Unknown Bassotto
4%
Unknown Bob Bask
4%
Levent Lunapark Chenille Pirate
4%
Wiegand Comete
4%
Fabbri Formula 1
4%
Premier rides Infernal Toboggan
4%
SBF Kid'z Coaster
4%
Wiegand Luge Devale
4%
Sunkid Luge Lou Bac Mountain
4%
Wiegand Luge Toutes Saisons
4%
Güven Luna Pomme
4%
Wiegand Mountain Twister
4%
Wiegand Norma Loops
4%
SBF Roller Castor
4%
Kiliç Lunapark Shark trip
4%
Kiliç Lunapark Shark Trip
4%
Wiegand Speed Dragoz
4%
Wiegand Speed Luge
4%
Mondial Rides Tattoo
4%
Reverchon The Mouse
4%
SBF Twister colorado
4%
Wiegand Verdon Express
4%
Brandauer Xtreme Luge
4%
Schwarzkopf Bayern Kurve
3%
Unknown Crazy Chenille
3%
Fabbri Crazy coaster
3%
Wiegand Luge Chamonix
3%
Wiegand Luge des Cimes
3%
Wiegand Luge l'Orrian Express
3%
Unknown Mouse Coaster
3%
Wiegand Praloops
3%
Unknown Turbo Escargot
3%
Wiegand Wiz Luge
3%
Unknown Brocomela
1%
Pinfari Chenille Vallée
1%
Brandauer Guzet Express
1%
Wiegand Luge du Caribou
1%
Wiegand Luge Molines Sensation
1%
Wiegand Mountain-Luge
1%
Unknown Pomme Enchantee
1%
Unknown Runaway Train
1%
Pinfari Storm
1%
Levent Lunapark Mini Roller coaster
0%
Aucun quiz correspondant
Distribution des résultats
% des personnes avec chaque résultat
Percentile par nombre de réponses
Votre historique - résultats
Vous n’avez pas pris ce quiz